| 000 | 00437pab a2200169 454500 | ||
|---|---|---|---|
| 008 | 180718b2007 xxu||||| |||| 00| 0 eng d | ||
| 100 | _aOhm, Britta | ||
| 245 | _aNarratives of the underbelly of democracy | ||
| 260 | _c2007 | ||
| 300 | _ap.26-31. | ||
| 362 | _a8 Dec | ||
| 650 | _aGujarat - Politics and government | ||
| 650 | _aPolitics and government | ||
| 773 | _aEconomic and Political Weekly | ||
| 908 | _aN | ||
| 909 | _a76636 | ||
| 999 |
_c76636 _d76636 |
||